[Event "DEM U18w 2009"]
[Site "Willingen GER"]
[Date "2009.06.04"]
[Round "7"]
[White "Zimmer, Ketsarin"]
[Black "Wisheckel, Lena"]
[Result "0-1"]
[Termination "normal"]
[Board "9"]
[WhiteElo "1710"]
[BlackElo "1672"]
[PlyCount "84"]
[WhiteFideId "4696182"]
[BlackFideId "24691992"]
[EventCountry "GER"]
[EventRounds "9"]
[EventType "swiss"]
[EventDate "2009.05.30"]

1. e4 d5 2. exd5 Nf6 3. d4 Nxd5 4. Nf3 g6 5. Bc4 Bg7 6. c3 O-O 7. O-O Nc6 8.
Bg5 Be6 9. Nbd2 Re8 10. Re1 Na5 11. Bd3 h6 12. Bh4 Nf4 13. Bc2 Nc4 14. Nxc4
Bxc4 15. Ne5 Bd5 16. f3 Qd6 17. Qd2 Nh5 18. Ng4 Kh7 19. Bf2 Nf6 20. Ne5 Nd7 21.
Nd3 e5 22. Bg3 Qb6 23. Nf2 exd4 24. cxd4 Bxd4 25. Rad1 c5 26. Kh1 Nf6 27. Bf4
Bxa2 28. Ne4 Nxe4 29. Bxe4 Bg7 30. Qd7 Rad8 31. Qxb7 Qxb7 32. Bxb7 Bxb2 33. h3
Rxe1+ 34. Rxe1 Bd4 35. Ba6 c4 36. Rd1 c3 37. Bc1 Bb3 38. Rd3 Bc2 39. Rxd4 Rxd4
40. Be2 Bd3 41. Be3 Rd7 42. Bxa7 Bxe2 0-1

[Event "DEM U18w 2009"]
[Site "Willingen GER"]
[Date "2009.06.04"]
[Round "7"]
[White "Silz, Elisa"]
[Black "Breitwieser, Jasmin"]
[Result "1/2-1/2"]
[Termination "normal"]
[Board "10"]
[WhiteElo "1946"]
[BlackElo "1874"]
[PlyCount "84"]
[WhiteFideId "4615352"]
[BlackFideId "24601705"]
[EventCountry "GER"]
[EventRounds "9"]
[EventType "swiss"]
[EventDate "2009.05.30"]

1. d4 Nf6 2. Nf3 c5 3. d5 g6 4. c4 b5 5. cxb5 a6 6. bxa6 Bxa6 7. Nc3 d6 8. g3
Bg7 9. Bg2 Nbd7 10. O-O Nb6 11. Re1 O-O 12. Rb1 Bc4 13. e4 Bxa2 14. Nxa2 Rxa2
15. Qb3 Ra4 16. Nd2 Rb4 17. Qc2 Qd7 18. b3 Ra8 19. Bb2 Rb5 20. Bc3 Nc8 21. Ra1
Rab8 22. Bf1 R5b7 23. Ra3 Na7 24. Rea1 Nb5 25. Bxb5 Rxb5 26. Kg2 e6 27. Qb2 Ne8
28. dxe6 Qxe6 29. Bxg7 Nxg7 30. f3 c4 31. Rb1 Rb4 32. Qc3 cxb3 33. Raxb3 Rxb3
34. Rxb3 Rc8 35. Qb2 Qe5 36. Rb5 Qxb2 37. Rxb2 Ne6 38. Kf2 Rd8 39. Rb5 Kf8 40.
Nc4 Ke7 41. Ne3 Nc5 42. Ke2 Ke6 1/2-1/2

[Event "DEM U18w 2009"]
[Site "Willingen GER"]
[Date "2009.06.04"]
[Round "7"]
[White "Häcker, Katrin"]
[Black "Kohm, Vanessa"]
[Result "0-1"]
[Termination "normal"]
[Board "11"]
[WhiteElo "1604"]
[BlackElo "1779"]
[PlyCount "54"]
[WhiteFideId "24667986"]
[BlackFideId "4674472"]
[EventCountry "GER"]
[EventRounds "9"]
[EventType "swiss"]
[EventDate "2009.05.30"]

1. e4 c5 2. Nf3 Nc6 3. d4 cxd4 4. Nxd4 g6 5. Nc3 Bg7 6. Be3 d6 7. Qd2 Nf6 8. f3
Nxd4 9. Bxd4 O-O 10. O-O-O Bd7 11. h4 h5 12. g4 Qa5 13. Bxf6 Bxf6 14. Nd5 Qxa2
15. Nxf6+ exf6 16. Qc3 Rfc8 17. Qxf6 Qa1+ 18. Kd2 Qa5+ 19. c3 Qa2 20. Kc1 Qa1+
21. Kd2 Qxb2+ 22. Ke1 Rxc3 23. Bd3 Bb5 24. Qxd6 Bxd3 25. Rxd3 Rxd3 26. Qxd3 Rc8
27. gxh5 Rc1+ 0-1

[Event "DEM U18w 2009"]
[Site "Willingen GER"]
[Date "2009.06.04"]
[Round "7"]
[White "Adermann, Mara"]
[Black "Stein, Simone"]
[Result "1-0"]
[Termination "normal"]
[Board "12"]
[WhiteElo "1704"]
[BlackElo "1351"]
[PlyCount "87"]
[BlackFideId "24692875"]
[EventCountry "GER"]
[EventRounds "9"]
[EventType "swiss"]
[EventDate "2009.05.30"]

1. e4 c5 2. Nf3 d6 3. d4 cxd4 4. Nxd4 Nf6 5. Nc3 g6 6. f3 Bg7 7. Be3 O-O 8. Qd2
Nc6 9. O-O-O Bd7 10. Nxc6 bxc6 11. Bh6 Qb6 12. Bxg7 Kxg7 13. g4 Rfb8 14. b3 a5
15. a4 Qb4 16. Nb1 Qxd2+ 17. Rxd2 Rb4 18. Nc3 h6 19. h4 Nh7 20. Bc4 Rbb8 21.
Rg2 Rc8 22. f4 e6 23. f5 d5 24. Bd3 g5 25. hxg5 Nxg5 26. e5 Rh8 27. f6+ Kg8 28.
Rgh2 Nf3 29. Rxh6 Rxh6 30. Rxh6 Nxe5 31. Bh7+ Kf8 32. g5 Be8 33. Ne2 Nf3 34.
Be4 Kg8 35. Bxf3 Rb8 36. Rh4 Rb4 37. Rxb4 axb4 38. a5 Bd7 39. a6 Bc8 40. a7 Bb7
41. Bh5 e5 42. Kd2 c5 43. Ng3 e4 44. Nf5 1-0

[Event "DEM U18w 2009"]
[Site "Willingen GER"]
[Date "2009.06.04"]
[Round "7"]
[White "Müller, Anna-Louise"]
[Black "Knof, Henrike"]
[Result "1-0"]
[Termination "normal"]
[Board "13"]
[WhiteElo "1581"]
[BlackElo "1486"]
[PlyCount "77"]
[WhiteFideId "4633512"]
[EventCountry "GER"]
[EventRounds "9"]
[EventType "swiss"]
[EventDate "2009.05.30"]

1. e4 e5 2. Nf3 Nc6 3. d4 exd4 4. Nxd4 Bc5 5. Nb3 Bb6 6. Nc3 Qf6 7. Qe2 Nge7 8.
Be3 O-O 9. Bxb6 axb6 10. O-O-O Ng6 11. Nd5 Qd8 12. Kb1 Nce7 13. Qd2 d6 14. Be2
Nxd5 15. exd5 Qd7 16. Qd4 Ra4 17. Qd2 Rd8 18. Rhe1 c5 19. dxc6 bxc6 20. Nd4 Bb7
21. Bf1 Rda8 22. a3 d5 23. g3 Nf8 24. f4 b5 25. Nb3 Qd6 26. Qc3 Nd7 27. Qe3 b4
28. Qe7 Qxe7 29. Rxe7 Rd8 30. Rxd7 Rxd7 31. Nc5 bxa3 32. Nxa4 axb2 33. Kxb2 Re7
34. Nc5 Bc8 35. c4 Be6 36. cxd5 cxd5 37. Kc3 Ra7 38. Rd2 Ra1 39. Bg2 1-0

[Event "DEM U18w 2009"]
[Site "Willingen GER"]
[Date "2009.06.05"]
[Round "8"]
[White "Jussupow, Ekaterina"]
[Black "Lorenz, Nicole"]
[Result "1-0"]
[Termination "normal"]
[Board "2"]
[WhiteElo "2186"]
[BlackElo "1842"]
[PlyCount "57"]
[WhiteFideId "24625400"]
[BlackFideId "24623709"]
[EventCountry "GER"]
[EventRounds "9"]
[EventType "swiss"]
[EventDate "2009.05.30"]

1. d4 Nf6 2. Nf3 e6 3. Bg5 d6 4. e4 h6 5. Bxf6 Qxf6 6. Nc3 c6 7. e5 Qd8 8. Bd3
Nd7 9. Qe2 d5 10. h4 b6 11. g4 c5 12. Qe3 cxd4 13. Nxd4 Qc7 14. f4 a6 15. O-O-O
Bc5 16. Nce2 b5 17. g5 Nb6 18. g6 Nc4 19. gxf7+ Qxf7 20. Qg3 Qc7 21. Rhg1 Ra7
22. Bg6+ Kd8 23. f5 exf5 24. Rgf1 Rf8 25. Nf4 Bxd4 26. Rxd4 Nb6 27. Nxd5 Nxd5
28. Rxd5+ Ke7 29. Qa3+ 1-0

[Event "DEM U18w 2009"]
[Site "Willingen GER"]
[Date "2009.06.05"]
[Round "8"]
[White "Frey, Alisa"]
[Black "van Orsouw, Svenja"]
[Result "0-1"]
[Termination "normal"]
[Board "3"]
[WhiteElo "1984"]
[BlackElo "1697"]
[PlyCount "120"]
[WhiteFideId "24634662"]
[BlackFideId "24677124"]
[EventCountry "GER"]
[EventRounds "9"]
[EventType "swiss"]
[EventDate "2009.05.30"]

1. d4 Nf6 2. c4 d5 3. cxd5 Qxd5 4. e3 e6 5. Nc3 Qd8 6. Nf3 c5 7. Be2 Be7 8. O-O
O-O 9. Qc2 Nc6 10. Rd1 cxd4 11. exd4 Qa5 12. a3 Rd8 13. Be3 a6 14. b4 Qc7 15.
Na4 Nd5 16. Rac1 Bd7 17. Bd3 h6 18. Ne5 Bd6 19. Nxd7 Qxd7 20. Nc5 Bxc5 21. dxc5
Nxe3 22. fxe3 Qc7 23. Bh7+ Kh8 24. Be4 Rxd1+ 25. Rxd1 Rd8 26. Rxd8+ Qxd8 27.
Qd3 Qg5 28. h3 Qe5 29. Kh1 Qa1+ 30. Kh2 Qe5+ 31. Kg1 Qa1+ 32. Kh2 Qe5+ 33. g3
Qb2+ 34. Bg2 Ne5 35. Qe4 Nc6 36. a4 Kg8 37. h4 Kf8 38. Kh3 Ke7 39. Qc4 Qxb4 40.
Qxb4 Nxb4 41. Bxb7 a5 42. Be4 Na6 43. c6 Kd6 44. g4 Nb4 45. Kg3 Nxc6 46. Kf4
Nb4 47. g5 hxg5+ 48. hxg5 Nd5+ 49. Kf3 Nc3 50. Bc2 Kc5 51. Kf4 f6 52. gxf6 gxf6
53. Bb3 Nd5+ 54. Ke4 Kb4 55. Bc2 Nc3+ 56. Kf4 Nxa4 57. e4 Nc5 58. e5 f5 59. Bb1
Kb3 60. Ke3 a4 0-1

[Event "DEM U18w 2009"]
[Site "Willingen GER"]
[Date "2009.06.05"]
[Round "8"]
[White "Kickert, Germaine Helene"]
[Black "Penne, Bo"]
[Result "1/2-1/2"]
[Termination "normal"]
[Board "4"]
[WhiteElo "1933"]
[BlackElo "1951"]
[PlyCount "43"]
[WhiteFideId "24614890"]
[BlackFideId "24642193"]
[EventCountry "GER"]
[EventRounds "9"]
[EventType "swiss"]
[EventDate "2009.05.30"]

1. e4 e6 2. d4 d5 3. Nc3 Bb4 4. Nge2 dxe4 5. a3 Be7 6. Nxe4 Nf6 7. Nxf6+ Bxf6
8. Be3 O-O 9. Qd2 Nc6 10. O-O-O Ne7 11. Bg5 Nd5 12. Bxf6 Nxf6 13. g3 Qd5 14.
Rg1 Bd7 15. Bg2 Qb5 16. Nc3 Qb6 17. Ne4 Nxe4 18. Bxe4 Rac8 19. Qb4 Bc6 20. Qxb6
cxb6 21. Bxc6 Rxc6 22. Rge1 1/2-1/2

[Event "DEM U18w 2009"]
[Site "Willingen GER"]
[Date "2009.06.05"]
[Round "8"]
[White "Wisheckel, Lena"]
[Black "Karmann, Anna"]
[Result "1/2-1/2"]
[Termination "normal"]
[Board "5"]
[WhiteElo "1672"]
[BlackElo "1903"]
[PlyCount "90"]
[WhiteFideId "24691992"]
[BlackFideId "24648000"]
[EventCountry "GER"]
[EventRounds "9"]
[EventType "swiss"]
[EventDate "2009.05.30"]

1. e4 c6 2. d4 d5 3. e5 c5 4. Nf3 Bg4 5. c4 cxd4 6. Qa4+ Qd7 7. Qxd7+ Nxd7 8.
Nxd4 Rc8 9. Bf4 e6 10. cxd5 exd5 11. f3 Be6 12. a3 Bc5 13. Nxe6 fxe6 14. Nc3
Ne7 15. Bb5 Ng6 16. Ne2 a6 17. Bxd7+ Kxd7 18. Kd2 Nh4 19. g3 Nxf3+ 20. Kd3 g5
21. Raf1 gxf4 22. Rxf3 fxg3 23. hxg3 Rcf8 24. Rxf8 Bxf8 25. Nf4 Bg7 26. Kd4 h6
27. Nh5 Rg8 28. Nxg7 Rxg7 29. Rxh6 Rxg3 30. Kc5 b6+ 31. Kxb6 Rb3+ 32. Kxa6 Rxb2
33. a4 Rb4 34. a5 d4 35. Ka7 d3 36. Rh1 d2 37. Rd1 Rb2 38. a6 Kc6 39. Ka8 Kd5
40. a7 Kxe5 41. Re1+ Kd5 42. Rxe6 Ra2 43. Re8 Kc6 44. Rd8 Kc7 45. Rxd2 Rxd2
1/2-1/2

[Event "DEM U18w 2009"]
[Site "Willingen GER"]
[Date "2009.06.05"]
[Round "8"]
[White "Hingst, Silke"]
[Black "Voss, Chantal"]
[Result "1-0"]
[Termination "normal"]
[Board "6"]
[WhiteElo "1833"]
[BlackElo "1878"]
[PlyCount "63"]
[WhiteFideId "4624564"]
[BlackFideId "4664906"]
[EventCountry "GER"]
[EventRounds "9"]
[EventType "swiss"]
[EventDate "2009.05.30"]

1. e4 e6 2. d4 d5 3. Nd2 Nc6 4. c3 e5 5. exd5 Qxd5 6. Bc4 Qxg2 7. Qf3 Qxf3 8.
Ndxf3 exd4 9. cxd4 Bg4 10. Ne5 Nxe5 11. dxe5 O-O-O 12. Bd2 Bc5 13. Be3 f6 14.
Ne2 fxe5 15. Rg1 Bxe2 16. Bxe2 Bd4 17. Bxd4 exd4 18. Rxg7 Nf6 19. Rc1 c6 20.
Bd3 Rd5 21. Rf7 Rd6 22. Ke2 Re8+ 23. Kd2 h5 24. Rg1 Ng4 25. Bf5+ Kb8 26. Bxg4
hxg4 27. Rxg4 d3 28. Rgg7 b5 29. h4 Re2+ 30. Kc3 Rd8 31. Rb7+ Kc8 32. Rgc7# 1-0

[Event "DEM U18w 2009"]
[Site "Willingen GER"]
[Date "2009.06.05"]
[Round "8"]
[White "Voss, Janine"]
[Black "Mertens, Pauline"]
[Result "0-1"]
[Termination "normal"]
[Board "7"]
[WhiteElo "1838"]
[BlackElo "1922"]
[PlyCount "62"]
[WhiteFideId "24677329"]
[BlackFideId "24671959"]
[EventCountry "GER"]
[EventRounds "9"]
[EventType "swiss"]
[EventDate "2009.05.30"]

1. e4 c5 2. Nf3 d6 3. d4 cxd4 4. Nxd4 Nf6 5. Nc3 g6 6. Be3 Bg7 7. f3 O-O 8. Bc4
Nc6 9. Qd2 Bd7 10. O-O-O Rb8 11. Kb1 Na5 12. Bb3 b5 13. Bh6 Bxh6 14. Qxh6 e5
15. Nde2 b4 16. Nd5 Nxb3 17. Nxf6+ Qxf6 18. axb3 Rb6 19. Ng3 Qe7 20. Nf1 Be6
21. Ne3 a5 22. Nd5 Bxd5 23. Rxd5 Ra8 24. Rhd1 a4 25. Qe3 Qa7 26. Kc1 axb3 27.
Qxb3 Ra6 28. c4 bxc3 29. Qxc3 Ra1+ 30. Kc2 Qa4+ 31. b3 Qa2+ 0-1

[Event "DEM U18w 2009"]
[Site "Willingen GER"]
[Date "2009.06.05"]
[Round "8"]
[White "Breitwieser, Jasmin"]
[Black "Herbold, Nora Marina"]
[Result "1-0"]
[Termination "normal"]
[Board "9"]
[WhiteElo "1874"]
[BlackElo "1608"]
[PlyCount "183"]
[WhiteFideId "24601705"]
[BlackFideId "4624548"]
[EventCountry "GER"]
[EventRounds "9"]
[EventType "swiss"]
[EventDate "2009.05.30"]

1. e4 c5 2. Nc3 e6 3. Nf3 a6 4. g3 b5 5. Bg2 Bb7 6. d3 Be7 7. O-O d6 8. Ne2 Nf6
9. h3 Nbd7 10. Be3 O-O 11. g4 Nb6 12. Nh2 d5 13. e5 Nfd7 14. f4 Qc7 15. c3 a5
16. Bf2 b4 17. d4 Nc4 18. b3 Ncb6 19. f5 Rfe8 20. Nf4 Bf8 21. fxe6 fxe6 22. g5
Nxe5 23. dxe5 Qxe5 24. Qg4 Bd6 25. Bg3 Qxc3 26. Kh1 Bxf4 27. Bxf4 Qd3 28. Be5
c4 29. Bd4 Nd7 30. Rad1 Qg6 31. bxc4 Rad8 32. h4 Qc2 33. cxd5 Bxd5 34. Bxd5
exd5 35. Qf3 Qe4 36. Qxe4 Rxe4 37. Bf2 Nf8 38. Bb6 Rd7 39. Bxa5 Rxh4 40. Kg2
Ne6 41. Rf5 d4 42. Bxb4 d3 43. a3 Re4 44. Kg3 Re3+ 45. Rf3 Rxf3+ 46. Nxf3 Rd5
47. Kf2 h5 48. gxh6 gxh6 49. Ke3 h5 50. Rxd3 Rxd3+ 51. Kxd3 Nc7 52. Ke4 Kf7 53.
Kf5 Ke8 54. Kg5 Kd7 55. Kxh5 Kc6 56. Nd2 Kb5 57. Kg6 Nd5 58. Bf8 Ka4 59. Kf5
Nc7 60. Ke5 Nb5 61. Nb1 Ka5 62. Kd5 Ka6 63. Kc4 Nc7 64. Bb4 Kb7 65. Nc3 Ka6 66.
Ne4 Kb6 67. Nf6 Kb7 68. a4 Kb6 69. Nd7+ Kc6 70. Nc5 Kb6 71. Bc3 Ka7 72. Be5 Na6
73. Nd7 Kb7 74. Kb5 Ka7 75. Bf4 Kb7 76. Bd6 Ka8 77. a5 Ka7 78. Kc6 Ka8 79. Nb6+
Ka7 80. Be5 Nb4+ 81. Kb5 Na6 82. Nc8+ Ka8 83. Bf4 Kb7 84. Nd6+ Ka7 85. Be3+ Nc5
86. Bxc5+ Ka8 87. Kc6 Kb8 88. Nb5 Ka8 89. Nc7+ Kb8 90. a6 Kc8 91. a7 Kd8 92.
a8=Q# 1-0

[Event "DEM U18w 2009"]
[Site "Willingen GER"]
[Date "2009.06.05"]
[Round "8"]
[White "Müller, Anna-Louise"]
[Black "Sancar, Alina"]
[Result "1/2-1/2"]
[Termination "normal"]
[Board "11"]
[WhiteElo "1581"]
[BlackElo "1759"]
[PlyCount "55"]
[WhiteFideId "4633512"]
[BlackFideId "4624750"]
[EventCountry "GER"]
[EventRounds "9"]
[EventType "swiss"]
[EventDate "2009.05.30"]

1. e4 c5 2. Nf3 Nc6 3. d4 cxd4 4. Nxd4 g6 5. Nc3 Bg7 6. Be3 Nf6 7. Bc4 O-O 8.
Bb3 a5 9. f3 d5 10. exd5 Nb4 11. O-O Nfxd5 12. Nxd5 Nxd5 13. Bf2 e6 14. c3 a4
15. Bxa4 Bd7 16. Bxd7 Qxd7 17. Qb3 Qc7 18. Nb5 Qc6 19. Rfd1 Rfd8 20. Nd4 Qc7
21. Nc2 Rd7 22. Nb4 Nxb4 23. Rxd7 Qxd7 24. cxb4 Qd2 25. Rd1 Qxb2 26. Qxb2 Bxb2
27. Bc5 Rxa2 28. Rd7 1/2-1/2

[Event "DEM U18w 2009"]
[Site "Willingen GER"]
[Date "2009.06.05"]
[Round "8"]
[White "Knof, Henrike"]
[Black "Häcker, Katrin"]
[Result "1-0"]
[Termination "normal"]
[Board "12"]
[WhiteElo "1486"]
[BlackElo "1604"]
[PlyCount "69"]
[BlackFideId "24667986"]
[EventCountry "GER"]
[EventRounds "9"]
[EventType "swiss"]
[EventDate "2009.05.30"]

1. e4 e5 2. Nf3 Nc6 3. Bc4 Bc5 4. c3 Nf6 5. d3 d6 6. Bb3 Be6 7. Bc2 Qe7 8. O-O
d5 9. b4 Bd6 10. Re1 O-O 11. Nbd2 Bg4 12. h3 Bh5 13. Nf1 d4 14. b5 Nd8 15. Bb2
Ne6 16. Ng3 Ng5 17. Nxh5 Nxh5 18. Nxg5 Qxg5 19. cxd4 exd4 20. Bxd4 Nf4 21. Qf3
Qxb5 22. Rab1 Qc6 23. Bb3 Ne6 24. Ba1 Nc5 25. Bd5 Qa6 26. Bc4 Qa4 27. Qg4 g6
28. f4 Qd7 29. f5 Nxd3 30. Qh4 Bc5+ 31. Kf1 Bd4 32. Red1 Bxa1 33. Rxa1 Qd4 34.
Bxd3 Qf6 35. Qxf6 1-0

[Event "DEM U18w 2009"]
[Site "Willingen GER"]
[Date "2009.06.05"]
[Round "8"]
[White "Stein, Simone"]
[Black "Zimmer, Ketsarin"]
[Result "1/2-1/2"]
[Termination "normal"]
[Board "13"]
[WhiteElo "1351"]
[BlackElo "1710"]
[PlyCount "41"]
[WhiteFideId "24692875"]
[BlackFideId "4696182"]
[EventCountry "GER"]
[EventRounds "9"]
[EventType "swiss"]
[EventDate "2009.05.30"]

1. e4 c5 2. Nf3 e6 3. c3 Nc6 4. d4 cxd4 5. cxd4 Nf6 6. e5 Nd5 7. g3 d6 8. Bg2
dxe5 9. dxe5 Bb4+ 10. Bd2 O-O 11. O-O Qc7 12. Re1 Rd8 13. Qc2 Bxd2 14. Nbxd2
Ndb4 15. Qc3 Qb6 16. a3 Nd3 17. Re3 Qxb2 18. Rxd3 Qxc3 19. Rxc3 Nxe5 20. Nxe5
Rxd2 21. Rc7 1/2-1/2

[Event "DEM U18w 2009"]
[Site "Willingen GER"]
[Date "2009.06.06"]
[Round "9"]
[White "van Orsouw, Svenja"]
[Black "Hannes, Diana"]
[Result "1/2-1/2"]
[Termination "normal"]
[Board "1"]
[WhiteElo "1697"]
[BlackElo "2061"]
[PlyCount "32"]
[WhiteFideId "24677124"]
[BlackFideId "24611344"]
[EventCountry "GER"]
[EventRounds "9"]
[EventType "swiss"]
[EventDate "2009.05.30"]

1. e4 c5 2. Nf3 Nc6 3. d4 cxd4 4. Nxd4 g6 5. c4 Bg7 6. Be3 Nf6 7. f3 d6 8. Qd2
Nxd4 9. Bxd4 O-O 10. Nc3 Bd7 11. Be2 a5 12. O-O Bc6 13. Rfd1 Nd7 14. Be3 Nc5
15. Rac1 Qb6 16. Rc2 Rfc8 1/2-1/2

[Event "DEM U18w 2009"]
[Site "Willingen GER"]
[Date "2009.06.06"]
[Round "9"]
[White "Remy, Janina"]
[Black "Jussupow, Ekaterina"]
[Result "0-1"]
[Termination "normal"]
[Board "2"]
[WhiteElo "1991"]
[BlackElo "2186"]
[PlyCount "58"]
[WhiteFideId "24627348"]
[BlackFideId "24625400"]
[EventCountry "GER"]
[EventRounds "9"]
[EventType "swiss"]
[EventDate "2009.05.30"]

1. e4 e5 2. Nf3 Nc6 3. d4 exd4 4. Nxd4 Nf6 5. Nc3 Bb4 6. Nxc6 bxc6 7. Bd3 d5 8.
exd5 cxd5 9. O-O O-O 10. Bg5 c6 11. Na4 Bd6 12. c3 h6 13. Bh4 c5 14. Bc2 Bb7
15. Qd3 g6 16. Rfe1 Kg7 17. Rab1 Re8 18. Rxe8 Qxe8 19. b4 cxb4 20. cxb4 Ne4 21.
f3 Qe5 22. g3 Rc8 23. fxe4 dxe4 24. Qe2 g5 25. Bxg5 hxg5 26. a3 e3 27. Rd1 Rxc2
28. Qxc2 e2 29. Re1 Qe3# 0-1

[Event "DEM U18w 2009"]
[Site "Willingen GER"]
[Date "2009.06.06"]
[Round "9"]
[White "Frey, Alisa"]
[Black "Hingst, Silke"]
[Result "1/2-1/2"]
[Termination "normal"]
[Board "3"]
[WhiteElo "1984"]
[BlackElo "1833"]
[PlyCount "109"]
[WhiteFideId "24634662"]
[BlackFideId "4624564"]
[EventCountry "GER"]
[EventRounds "9"]
[EventType "swiss"]
[EventDate "2009.05.30"]

1. e4 c5 2. Nf3 d6 3. d4 cxd4 4. Nxd4 Nf6 5. Nc3 a6 6. Be3 Ng4 7. Bg5 h6 8. Bh4
g5 9. Bg3 Bg7 10. Be2 h5 11. Bxg4 Bxg4 12. f3 Bd7 13. Qd2 Qa5 14. Bf2 Nc6 15.
Nde2 Rc8 16. Qd5 Be6 17. Qxa5 Nxa5 18. O-O-O Bxc3 19. Nxc3 Rxc3 20. bxc3 Bxa2
21. h4 Rg8 22. e5 dxe5 23. hxg5 f6 24. Rxh5 Bf7 25. Rh2 Rxg5 26. g4 Nc4 27. Bh4
Rg8 28. Re2 a5 29. Bf2 Be6 30. Rg1 a4 31. Kb1 Kf7 32. Bc5 Rd8 33. Ka1 Nd6 34.
Rd1 Rc8 35. Bxd6 exd6 36. Rxd6 Rxc3 37. Rh2 a3 38. Rh7+ Kg6 39. Rxb7 Bc8 40.
Rb3 Rxc2 41. Rxa3 Bb7 42. Rb3 Rc7 43. Kb2 Kg5 44. Rdb6 Bd5 45. Rd3 Bb7 46. Re6
Rf7 47. Rb6 Rc7 48. Rb4 Ba8 49. Rb8 Rb7+ 50. Rxb7 Bxb7 51. Kc3 Kf4 52. Rd6 Kg5
53. Rd3 Kf4 54. Rd6 Kg5 55. Rd3 1/2-1/2

[Event "DEM U18w 2009"]
[Site "Willingen GER"]
[Date "2009.06.06"]
[Round "9"]
[White "Mertens, Pauline"]
[Black "Strößner, Lena"]
[Result "1-0"]
[Termination "normal"]
[Board "4"]
[WhiteElo "1922"]
[BlackElo "1989"]
[PlyCount "73"]
[WhiteFideId "24671959"]
[BlackFideId "4623525"]
[EventCountry "GER"]
[EventRounds "9"]
[EventType "swiss"]
[EventDate "2009.05.30"]

1. e4 e6 2. d4 d5 3. Nc3 Bb4 4. e5 c5 5. a3 Bxc3+ 6. bxc3 Ne7 7. Qg4 O-O 8. Bd3
f5 9. exf6 Rxf6 10. Qh4 h6 11. g4 c4 12. Be2 g5 13. Qg3 Ng6 14. Nf3 Rxf3 15.
Bxf3 Nc6 16. O-O Qf6 17. Kh1 Bd7 18. Be2 Rf8 19. Qh3 Qg7 20. Be3 Nce7 21. f4
gxf4 22. Bd2 Nc8 23. Rf3 Rf7 24. Raf1 Qf8 25. Qh5 Kh7 26. g5 Rf5 27. Qxh6+ Qxh6
28. gxh6 Be8 29. Bxf4 Nxf4 30. Rxf4 Bg6 31. Bg4 Rg5 32. h4 Rxg4 33. Rxg4 Be4+
34. Kh2 Kxh6 35. Rf6+ Kh5 36. Kg3 Nd6 37. Rg5# 1-0

[Event "DEM U18w 2009"]
[Site "Willingen GER"]
[Date "2009.06.06"]
[Round "9"]
[White "Penne, Bo"]
[Black "Wisheckel, Lena"]
[Result "1/2-1/2"]
[Termination "normal"]
[Board "5"]
[WhiteElo "1951"]
[BlackElo "1672"]
[PlyCount "44"]
[WhiteFideId "24642193"]
[BlackFideId "24691992"]
[EventCountry "GER"]
[EventRounds "9"]
[EventType "swiss"]
[EventDate "2009.05.30"]

1. e4 e5 2. Bc4 Nf6 3. d3 Nc6 4. Nf3 Bc5 5. c3 a6 6. O-O d6 7. Bb3 Ba7 8. Nbd2
O-O 9. Re1 Ng4 10. Re2 Kh8 11. Nf1 f5 12. h3 fxe4 13. dxe4 Nf6 14. Ng3 Qe8 15.
Be3 Nh5 16. Nh4 Ne7 17. Bc2 Nf4 18. Bxf4 Rxf4 19. Nhf5 Nxf5 20. Nxf5 g6 21. Ne3
Qf8 22. Qd2 Be6 1/2-1/2

[Event "DEM U18w 2009"]
[Site "Willingen GER"]
[Date "2009.06.06"]
[Round "9"]
[White "Karmann, Anna"]
[Black "Kickert, Germaine Helene"]
[Result "1/2-1/2"]
[Termination "normal"]
[Board "6"]
[WhiteElo "1903"]
[BlackElo "1933"]
[PlyCount "70"]
[WhiteFideId "24648000"]
[BlackFideId "24614890"]
[EventCountry "GER"]
[EventRounds "9"]
[EventType "swiss"]
[EventDate "2009.05.30"]

1. c4 Nf6 2. Nf3 c5 3. d4 g6 4. Nc3 Bg7 5. e4 cxd4 6. Nxd4 d6 7. Be2 O-O 8. O-O
Nc6 9. Be3 Bd7 10. Rc1 Nxd4 11. Bxd4 Bc6 12. f3 Nd7 13. Be3 a5 14. b3 Nc5 15.
Nd5 Bxd5 16. cxd5 Qb6 17. Qd2 Qb4 18. Rfd1 Rfc8 19. Rc4 Qxd2 20. Rxd2 b5 21.
Rcc2 Rab8 22. Rd1 b4 23. Bxc5 Rxc5 24. Rxc5 dxc5 25. f4 Bd4+ 26. Kf1 Rb6 27.
Bc4 Rf6 28. g3 g5 29. f5 h5 30. h3 Rb6 31. Kg2 Kg7 32. Be2 h4 33. g4 Kf6 34.
Bc4 Ke5 35. Kf3 f6 1/2-1/2

[Event "DEM U18w 2009"]
[Site "Willingen GER"]
[Date "2009.06.06"]
[Round "9"]
[White "Lorenz, Nicole"]
[Black "Adermann, Mara"]
[Result "1-0"]
[Termination "normal"]
[Board "7"]
[WhiteElo "1842"]
[BlackElo "1704"]
[PlyCount "61"]
[WhiteFideId "24623709"]
[EventCountry "GER"]
[EventRounds "9"]
[EventType "swiss"]
[EventDate "2009.05.30"]

1. e4 Nf6 2. e5 Nd5 3. c4 Nb6 4. d4 d6 5. exd6 exd6 6. Nc3 Nc6 7. Be3 Bf5 8.
Nf3 Be7 9. b3 Nb4 10. Rc1 O-O 11. Be2 c5 12. d5 Bf6 13. Qd2 Nd7 14. a3 Na6 15.
Ng5 Ne5 16. Nge4 Nc7 17. O-O a6 18. Ng3 Bd7 19. Nce4 Be7 20. f4 f5 21. fxe5
fxe4 22. e6 Be8 23. Rxf8+ Bxf8 24. Nxe4 Bg6 25. Bd3 Be7 26. Ng5 Bxg5 27. Bxg5
Qe8 28. Bxg6 Qxg6 29. Be7 Ne8 30. Rf1 Nf6 31. Bxd6 1-0

[Event "DEM U18w 2009"]
[Site "Willingen GER"]
[Date "2009.06.06"]
[Round "9"]
[White "Voss, Chantal"]
[Black "Breitwieser, Jasmin"]
[Result "0-1"]
[Termination "normal"]
[Board "8"]
[WhiteElo "1878"]
[BlackElo "1874"]
[PlyCount "154"]
[WhiteFideId "4664906"]
[BlackFideId "24601705"]
[EventCountry "GER"]
[EventRounds "9"]
[EventType "swiss"]
[EventDate "2009.05.30"]

1. d4 Nf6 2. c4 c5 3. d5 b5 4. Nc3 bxc4 5. e4 d6 6. Bxc4 g6 7. Nf3 Bg7 8. O-O
O-O 9. Bg5 Nbd7 10. Qc2 Rb8 11. Rae1 Ng4 12. Nd2 Nge5 13. Be2 Nb6 14. h3 f5 15.
f4 Nf7 16. Bh4 fxe4 17. Bg4 Bxg4 18. hxg4 e3 19. Nf3 Bd4 20. Kh1 Nh6 21. Qe4
Qd7 22. Ng5 Qxg4 23. Qe6+ Qxe6 24. Nxe6 Rf7 25. Ng5 Rf5 26. Ne6 Nxd5 27. Bg5
Rxb2 28. Nxd5 Rxd5 29. Rb1 Bc3 30. Rxb2 Bxb2 31. Re1 Ng4 32. g3 h6 33. Nc7 Rd2
34. Bxe7 Bc3 35. Kg1 Rf2 36. Rxe3 Bd4 37. Rb3 Rxa2+ 38. Kf1 Ne3+ 39. Ke1 Nc4
40. Nb5 Bf2+ 41. Kd1 Ne3+ 42. Kc1 c4 43. Rb2 Ra1+ 44. Rb1 Rxb1+ 45. Kxb1 d5 46.
Bc5 Ng4 47. Bxf2 Nxf2 48. Nxa7 Nh1 49. Nc6 Kf7 50. g4 Kf6 51. Nb4 Ke6 52. Kc2
Nf2 53. f5+ gxf5 54. gxf5+ Kxf5 55. Nxd5 Ke4 56. Nc3+ Ke3 57. Nd5+ Kd4 58. Nf4
Ne4 59. Kd1 Ng3 60. Kc2 h5 61. Nh3 c3 62. Nf4 h4 63. Nh3 Kc4 64. Nf4 Nf1 65.
Nh3 Ne3+ 66. Kc1 Kb3 67. Ng1 Nf5 68. Nh3 Nd4 69. Nf4 c2 70. Kd2 Nf3+ 71. Kc1
Ng5 72. Ne2 Nf3 73. Nf4 Nd4 74. Kd2 Kb2 75. Nd3+ Kb1 76. Ke3 Nb3 77. Kf3 Nc5
0-1